Tìm hiểu các nhân vật trong Truyền Kỳ Mạn Lục của Nguyễn Dữ

Vài nét về thời đại và tác giả tác phẩm. một thế giớinhân vật phong phú và đa dạng trong Truyền Kỳ Mạn Lục. một số thủ pháp xây dựng nhân vật trong Truyền Kỳ Mạn Lục

में बचाया:
ग्रंथसूची विवरण
मुख्य लेखक: Nguyễn, Thị Mai Sương
अन्य लेखक: Lê An Vinh Th.S (Hướng dẫn)
स्वरूप: पुस्तक
भाषा:Vietnamese
प्रकाशित: Đại học Đà Nẵng Trường đại học Sư Phạm 2011
श्रृंखला:Khóa luận tốt nghiệp Đại học. Chuyên ngành: Sư phạm Ngữ văn
विषय:
टैग : टैग जोड़ें
कोई टैग नहीं, इस रिकॉर्ड को टैग करने वाले पहले व्यक्ति बनें!
Thư viện lưu trữ: Mạng thư viện Đại học Đà Nẵng
LEADER 01541nam a2200349 4500
001 000011312
003 7552
005 20120203100214.0
008 120203s2011 viesd
041 |a vie 
072 |a Khóa luận tốt nghiệp 
082 |a 895.92231  |b NG-S 
100 |a Nguyễn, Thị Mai Sương 
245 |a Tìm hiểu các nhân vật trong Truyền Kỳ Mạn Lục của Nguyễn Dữ  |c Nguyễn, Thị Mai Sương 
260 |a Đại học Đà Nẵng  |b Trường đại học Sư Phạm  |c 2011 
300 |a 68 tr.  |c 29 cm 
490 |a Khóa luận tốt nghiệp Đại học. Chuyên ngành: Sư phạm Ngữ văn 
500 |a Tham khảo [2 tr.] 
520 |a Vài nét về thời đại và tác giả tác phẩm. một thế giớinhân vật phong phú và đa dạng trong Truyền Kỳ Mạn Lục. một số thủ pháp xây dựng nhân vật trong Truyền Kỳ Mạn Lục 
653 |a Khóa luận tốt nghiệp đại học 
653 |a Khoa Ngữ Văn 
700 |a Lê An Vinh  |c Th.S  |e Hướng dẫn 
OWN |a LSP 
AVA |a UDN50  |b LSP  |d 895.92231 NG-S  |e available  |t Error 5001 Not defined in file expand_doc_bib_avail.  |f 1  |g 0  |h N  |i 0  |k 1 
999 |a From the UDN01 
AVA |a UDN50  |b LSP  |d 895.92231 NG-S  |e available  |t Error 5001 Not defined in file expand_doc_bib_avail.  |f 1  |g 0  |h N  |i 0  |k 1 
TYP |a Monograph 
TYP |a Printed language 
980 |a Mạng thư viện Đại học Đà Nẵng